Financial Accounting Information : An Introduction to its Preparation and Use. (Record no. 1469)

MARC details
005 - DATE AND TIME OF LATEST TRANSACTION
control field 20250415132045.0
020 ## - INTERNATIONAL STANDARD BOOK NUMBER
International Standard Book Number 0-201-05163-X
082 ## - DEWEY DECIMAL CLASSIFICATION NUMBER
Classification number 657.3 MON
100 ## - MAIN ENTRY--PERSONAL NAME
Author name MONTGOMERY, A.T.
245 ## - TITLE STATEMENT
Title Financial Accounting Information : An Introduction to its Preparation and Use.
250 ## - EDITION STATEMENT
Edition statement 2nd Ed.
260 ## - PUBLICATION, DISTRIBUTION, ETC.
Place of publication, distribution, etc. London,
Name of publisher, distributor, etc. Addison- Wesley publishing company,
Date of publication, distribution, etc. 1982.
300 ## - PHYSICAL DESCRIPTION
Extent xx, 878p.: Ill.;figures
Other physical details Index
Dimensions 23cm.
942 ## - ADDED ENTRY ELEMENTS (KOHA)
Source of classification or shelving scheme Dewey Decimal Classification
Koha item type Books
Holdings
Date last seen Total checkouts Full call number Barcode Cost, replacement price Price effective from Koha item type Lost status Source of classification or shelving scheme Damaged status Not for loan Withdrawn status Home library Current library Shelving location Date acquired Cost, normal purchase price
04/15/2025   657.3 MON 0000005526 30000.00 04/15/2025 Books   Dewey Decimal Classification       College of Business Education Main Library College of Business Education Main Library General Collection 04/15/2025 10000.00
04/15/2025   657.3 MON 0000005527 30000.00 04/15/2025 Books   Dewey Decimal Classification       College of Business Education Main Library College of Business Education Main Library General Collection 04/15/2025 10000.00
04/15/2025   657.3 MON 0000005528 30000.00 04/15/2025 Books   Dewey Decimal Classification       College of Business Education Main Library College of Business Education Main Library General Collection 04/15/2025 10000.00